<?xml version="1.0" encoding="UTF-8"?>
<record
    xmlns:xsi="http://www.w3.org/2001/XMLSchema-instance"
    xsi:schemaLocation="http://www.loc.gov/MARC21/slim http://www.loc.gov/standards/marcxml/schema/MARC21slim.xsd"
    xmlns="http://www.loc.gov/MARC21/slim">

  <leader>01780nam a2200337 i 4500</leader>
  <controlfield tag="001">62678</controlfield>
  <controlfield tag="003">CO-MdUADB</controlfield>
  <controlfield tag="005">20260506070906.0</controlfield>
  <controlfield tag="007">ta</controlfield>
  <controlfield tag="008">960313s1990    sp     gr       1   spa d</controlfield>
  <datafield tag="020" ind1=" " ind2=" ">
    <subfield code="a">8476842058</subfield>
    <subfield code="q">ISBN-10</subfield>
  </datafield>
  <datafield tag="020" ind1=" " ind2=" ">
    <subfield code="a">9788476842058</subfield>
    <subfield code="q">ISBN-13</subfield>
  </datafield>
  <datafield tag="035" ind1=" " ind2=" ">
    <subfield code="a">62678</subfield>
  </datafield>
  <datafield tag="035" ind1=" " ind2=" ">
    <subfield code="a">(OCoLC)778184814</subfield>
  </datafield>
  <datafield tag="040" ind1=" " ind2=" ">
    <subfield code="a">CO-MdUADB</subfield>
    <subfield code="b">spa</subfield>
    <subfield code="c">CO-MdUADB</subfield>
    <subfield code="e">rda</subfield>
  </datafield>
  <datafield tag="041" ind1=" " ind2=" ">
    <subfield code="a">spa</subfield>
  </datafield>
  <datafield tag="082" ind1=" " ind2="4">
    <subfield code="a">808</subfield>
  </datafield>
  <datafield tag="100" ind1="1" ind2=" ">
    <subfield code="a">L&#xF3;pez Tam&#xE9;s, Rom&#xE1;n</subfield>
    <subfield code="e">aut</subfield>
    <subfield code="9">258355</subfield>
  </datafield>
  <datafield tag="245" ind1="1" ind2="0">
    <subfield code="a">Introducci&#xF3;n a la literatura infant&#xED;l</subfield>
  </datafield>
  <datafield tag="250" ind1=" " ind2=" ">
    <subfield code="a">2.&#xAA; edici&#xF3;n</subfield>
  </datafield>
  <datafield tag="264" ind1=" " ind2="1">
    <subfield code="a">Barcelona :</subfield>
    <subfield code="b">Universidad de Murcia,</subfield>
    <subfield code="c">1990.</subfield>
  </datafield>
  <datafield tag="300" ind1=" " ind2=" ">
    <subfield code="a">396 p&#xE1;ginas</subfield>
  </datafield>
  <datafield tag="490" ind1="1" ind2=" ">
    <subfield code="a">Ensayos Sobre Literatura Infantil ; </subfield>
    <subfield code="v">3</subfield>
  </datafield>
  <datafield tag="505" ind1="2" ind2="0">
    <subfield code="t">I. La literatura infantil. Existencia y l&#xED;mites --</subfield>
    <subfield code="t">II. La narrativa --</subfield>
    <subfield code="t">III. La poes&#xED;a infantil --</subfield>
    <subfield code="t">IV. El teatro infantil --</subfield>
    <subfield code="t">V. Los medios de comunicaci&#xF3;n social y la literatura infantil --
</subfield>
    <subfield code="t">Bibliograf&#xED;a </subfield>
  </datafield>
  <datafield tag="520" ind1="3" ind2=" ">
    <subfield code="a">Actualmente existen muchas profesiones que se ocupan de la educaci&#xF3;n reglada o del tiempo de ocio de ni&#xF1;os y j&#xF3;venes. Los ense&#xF1;antes, bibliotecarios, animadores culturales y, por supuesto, los padres necesitan conocer la literatura dirigida a estas edades para poder cumplir la misi&#xF3;n educativa de iniciar a las nuevas generaciones en el di&#xE1;logo cultural a trav&#xE9;s de la comunicaci&#xF3;n literaria. La presente obra ofrece las orientaciones y pautas necesarias tanto para utilizar este objeto cultural como para conocer el tipo de propuesta educativa que se propicia a trav&#xE9;s de &#xE9;l.</subfield>
  </datafield>
  <datafield tag="650" ind1=" " ind2="7">
    <subfield code="a">Literatura infantil</subfield>
    <subfield code="2">lemb</subfield>
    <subfield code="9">32137</subfield>
  </datafield>
  <datafield tag="650" ind1=" " ind2="7">
    <subfield code="a">Poes&#xED;a infantil</subfield>
    <subfield code="2">lemb</subfield>
    <subfield code="9">41314</subfield>
  </datafield>
  <datafield tag="650" ind1=" " ind2="7">
    <subfield code="a">Cuentos infantiles</subfield>
    <subfield code="2">lemb</subfield>
    <subfield code="9">2091</subfield>
  </datafield>
  <datafield tag="830" ind1=" " ind2="0">
    <subfield code="a">Ensayos Sobre Literatura Infantil (Universidad de Murcia)</subfield>
    <subfield code="9">870537</subfield>
    <subfield code="v">3</subfield>
  </datafield>
  <datafield tag="942" ind1=" " ind2=" ">
    <subfield code="c">BOOK</subfield>
    <subfield code="2">ddc</subfield>
  </datafield>
  <datafield tag="999" ind1=" " ind2=" ">
    <subfield code="c">49262</subfield>
    <subfield code="d">49262</subfield>
  </datafield>
  <datafield tag="952" ind1=" " ind2=" ">
    <subfield code="0">0</subfield>
    <subfield code="1">0</subfield>
    <subfield code="2">ddc</subfield>
    <subfield code="4">0</subfield>
    <subfield code="7">0</subfield>
    <subfield code="8">COLIT</subfield>
    <subfield code="a">BC</subfield>
    <subfield code="b">BC</subfield>
    <subfield code="d">1996-07-23</subfield>
    <subfield code="i">C102113</subfield>
    <subfield code="l">1</subfield>
    <subfield code="o">808.068 L864i</subfield>
    <subfield code="p">61000002069454</subfield>
    <subfield code="r">2025-10-24 16:04:01</subfield>
    <subfield code="s">2025-08-01</subfield>
    <subfield code="t">1</subfield>
    <subfield code="w">2023-04-21</subfield>
    <subfield code="y">BOOK</subfield>
  </datafield>
</record>
